000 01370nam a2200337 i 4500
003 EG-GICUC
005 20260121101715.0
008 260111s1999 ua ||||fr|||| 00| 0 ara d
017 _a١٦١٣ / ٩٩
020 _a977-5394-71-6
040 _a EG-GICUC
_bara
_c EG-GICUC
_d EG-GICUC
_erda
041 0 _aara
082 0 4 _221
_a345.42
_bم ح . إ
092 0 4 _221
099 _aLaw1 07 345.42 م ح . إ 1 ed - 1999
100 0 _aمحمد باهي أبو يونس
_eمؤلف.
245 1 2 _aالإختيار على أساس الصلاحية للوظيفة العامة :
_bفي النظام الإدارى الإسلامي /
_cالدكتور محمد باهي أبو يونس.
250 _aالطبعة الأولى
264 1 _aالإسكندرية :
_bدار الجامعة الجديدة للنشر،
_c1999.
300 _a330 صفحة؛
_c24 سم.
336 _2rda content
_atext
337 _2rda media
_aComputer
338 _2rda carrier
_aOnline Resource
504 _aيشتمل على إرجاعات ببليوجرافية.
546 _aالنص أغلبه باللغة العربية مع بعض النصوص الفرنسية
650 1 4 _aطرق اختيار الموظف العام
650 1 4 _aالقانون الإداري
856 4 0 _uhttps://fll.law.cu.edu.eg/fulltext/bks/B07-01177.pdf
905 _a32
942 _2ddc
_cBK
_e21
_n0
999 _c56234
_d56234